[Event "Figueira da Foz op 17th"]
[Site "Figueira da Foz"]
[Date "2023.11.07"]
[Round "4"]
[White "Rajesh, VAV"]
[Black "Varela la Madrid, Tilsia Carolin"]
[Result "1-0"]
[WhiteElo "2310"]
[BlackElo "2000"]
[PlyCount "77"]
[EventDate "2023.11.05"]
[EventType "swiss"]
[EventRounds "9"]
[EventCountry "POR"]
[SourceTitle "CB46_2023"]
[SourceDate "2023.11.15"]
[SourceVersion "1"]
[SourceVersionDate "2023.11.15"]
[SourceQuality "1"]

1. d4 d5 2. c4 c6 3. Nf3 Nf6 4. e3 e6 5. Qc2 Nbd7 6. Nc3 Be7 7. b3 b6 8. Bd3 Bb7 9. 0-0 c5 10. cxd5 Nxd5 11. Nxd5 Bxd5 12. Ne5 Nxe5 13. dxe5 Qc7 14. Bb2 h5 15. f4 g6 16. e4 Bc6 17. f5 gxf5 18. exf5 0-0-0 19. fxe6 Rhg8 20. Be4 fxe6 21. Rad1 Rxd1 22. Rxd1 Rg4 23. Bxc6 Qxc6 24. Qe2 Kb7 25. Rf1 Rg7 26. Bc1 h4 27. h3 b5 28. Bh6 Rh7 29. Bd2 Rg7 30. Rf4 Bd8 31. Be1 Bb6 32. Kh1 Rc7 33. a4 c4 34. axb5 Qc5 35. Qe4+ Kb8 36. Bf2 Qa3 37. Bxb6 Qc1+ 38. Kh2 axb6 39. Rf8+ 1-0

[Event "Titled Tuesday intern op 12th Sep Early"]
[Site "Chess.com INT"]
[Date "2023.09.12"]
[Round "11"]
[White "Varela la Madrid, Tilsia Carolin"]
[Black "Gaal, Zsoka"]
[Result "0-1"]
[WhiteElo "2000"]
[BlackElo "2308"]
[PlyCount "102"]
[EventDate "2023.09.12"]
[EventType "swiss (blitz)"]
[EventRounds "11"]
[EventCountry "USA"]
[SourceTitle "EXT 2024"]
[Source "ChessBase"]
[SourceDate "2023.10.10"]
[SourceVersion "1"]
[SourceVersionDate "2023.10.10"]
[SourceQuality "1"]

1. d4 Nf6 2. c4 c5 3. d5 e6 4. Nc3 exd5 5. cxd5 d6 6. Nf3 g6 7. Nd2 Bg7 8. e4 0-0 9. Be2 Re8 10. 0-0 Na6 11. f3 Nc7 12. a4 Rb8 13. Nc4 b6 14. Bf4 Bf8 15. Qd2 Nh5 16. Bg5 Be7 17. Bh6 Bf6 18. Kh1 Bd4 19. Bg5 f6 20. Be3 Bxe3 21. Qxe3 a6 22. f4 b5 23. axb5 axb5 24. Na5 Bd7 25. Bxh5 gxh5 26. f5 Qe7 27. Qg3+ Qg7 28. Qxd6 b4 29. Qxc7 bxc3 30. bxc3 Rb2 31. Qg3 Qxg3 32. hxg3 Rxe4 33. Rfe1 Rxe1+ 34. Rxe1 Bxf5 35. d6 Kf7 36. Re7+ Kg6 37. Nc6 Rd2 38. Rc7 Rxd6 39. Ne7+ Kg5 40. Rxc5 Kg4 41. Nxf5 Rd1+ 42. Kh2 h4 43. Nxh4 Rd3 44. Rc4+ Kg5 45. Kh3 h5 46. Nf3+ Kg6 47. Rc5 Re3 48. c4 Rc3 49. Nh4+ Kh6 50. Rc8 Rc1 51. c5 Rh1# 0-1

[Event "Titled Tuesday intern op 12th Sep Early"]
[Site "Chess.com INT"]
[Date "2023.09.12"]
[Round "9"]
[White "Varela la Madrid, Tilsia Carolin"]
[Black "Mesa Cruz, Juan Carlos"]
[Result "1-0"]
[WhiteElo "2000"]
[BlackElo "2139"]
[PlyCount "151"]
[EventDate "2023.09.12"]
[EventType "swiss (blitz)"]
[EventRounds "11"]
[EventCountry "USA"]
[SourceTitle "EXT 2024"]
[Source "ChessBase"]
[SourceDate "2023.10.10"]
[SourceVersion "1"]
[SourceVersionDate "2023.10.10"]
[SourceQuality "1"]

1. e4 c5 2. c3 Nf6 3. e5 Nd5 4. Nf3 Nc6 5. Bc4 Nb6 6. Bb3 d5 7. exd6 Qxd6 8. 0-0 Bf5 9. a4 e6 10. a5 Nd5 11. a6 b6 12. Ba4 Rc8 13. d4 Bg4 14. Na3 Be7 15. Nb5 Qd7 16. h3 Bxf3 17. Qxf3 0-0 18. c4 Ndb4 19. dxc5 Bxc5 20. Rd1 Qe7 21. Bf4 e5 22. Bg3 e4 23. Qe2 f5 24. Nd6 Rcd8 25. Nb7 f4 26. Nxd8 Nxd8 27. Rd7 Qg5 28. Kh2 fxg3+ 29. fxg3 Ne6 30. Qxe4 Qg6 31. Qxg6 hxg6 32. Rxa7 Ng5 33. Rb7 Ne4 34. a7 Bd6 35. a8Q Bxg3+ 36. Kh1 Rxa8 37. Rf1 Nf2+ 38. Rxf2 Rxa4 39. Rf1 Ra2 40. Rxb6 Nd3 41. Rxg6 Nf2+ 42. Kg1 Ne4 43. Rg4 Bf2+ 44. Rxf2 Nxf2 45. Kxf2 Rxb2+ 46. Kf3 Rb3+ 47. Kf2 Rc3 48. Kg1 Kf7 49. Kh2 Kf6 50. h4 Kf5 51. Rg5+ Kf6 52. c5 g6 53. g3 Rc2+ 54. Kh3 Rc4 55. Rd5 Rc3 56. Rd6+ Kg7 57. Rc6 Rc4 58. Kh2 Kh6 59. Kh3 Kh5 60. Kh2 g5 61. hxg5 Kxg5 62. Kg2 Kg4 63. Kf2 Rc2+ 64. Ke3 Kf5 65. Kd4 Rd2+ 66. Kc4 Ke5 67. Rg6 Rc2+ 68. Kb5 Kd5 69. Rg5+ Kd4 70. c6 Rb2+ 71. Ka6 Rc2 72. Kb7 Rb2+ 73. Kc8 Rc2 74. c7 Ke4 75. Kd8 Rd2+ 76. Ke8 1-0

[Event "Titled Tuesday intern op 12th Sep Early"]
[Site "Chess.com INT"]
[Date "2023.09.12"]
[Round "6"]
[White "Varela la Madrid, Tilsia Carolin"]
[Black "Sarkar, Justin"]
[Result "1-0"]
[WhiteElo "2000"]
[BlackElo "2290"]
[PlyCount "79"]
[EventDate "2023.09.12"]
[EventType "swiss (blitz)"]
[EventRounds "11"]
[EventCountry "USA"]
[SourceTitle "EXT 2024"]
[Source "ChessBase"]
[SourceDate "2023.10.10"]
[SourceVersion "1"]
[SourceVersionDate "2023.10.10"]
[SourceQuality "1"]

1. e4 c5 2. Nf3 d6 3. c3 Nf6 4. Bd3 e6 5. Bc2 Be7 6. 0-0 c4 7. b3 cxb3 8. axb3 0-0 9. d4 b5 10. Qd3 Bb7 11. Nbd2 a6 12. c4 Nc6 13. Ba3 d5 14. Bxe7 Qxe7 15. e5 Ne4 16. Nxe4 dxe4 17. Qxe4 f5 18. exf6 gxf6 19. d5 exd5 20. Qxd5+ Kh8 21. Qh5 Nb4 22. Rfe1 Qg7 23. Bf5 Rg8 24. Nh4 Bxg2 25. Ng6+ Qxg6 26. Bxg6 Rxg6 27. Qxg6 hxg6 28. Kxg2 Nc2 29. cxb5 Nxe1+ 30. Rxe1 axb5 31. Re6 Kg7 32. Rb6 Ra5 33. b4 Ra2 34. Rxb5 Rb2 35. Rb7+ Kh6 36. b5 f5 37. Rb8 Kg5 38. b6 Kf4 39. b7 g5 40. h3 1-0

[Event "FIDE World Cup (Women)"]
[Site "Baku"]
[Date "2023.07.31"]
[Round "1.2"]
[White "Badelka, Olga"]
[Black "Varela la Madrid, Tilsia Carolin"]
[Result "1-0"]
[WhiteElo "2397"]
[BlackElo "2028"]
[PlyCount "71"]
[EventDate "2023.07.30"]
[EventType "k.o."]
[EventRounds "7"]
[EventCountry "AZE"]
[SourceTitle "EXT 2024"]
[Source "ChessBase"]
[SourceDate "2023.10.10"]
[SourceVersion "1"]
[SourceVersionDate "2023.10.10"]
[SourceQuality "1"]

1. Nf3 d5 2. e3 Nf6 3. c4 c6 4. Nc3 e6 5. d4 Nbd7 6. Bd3 dxc4 7. Bxc4 b5 8. Bd3 Bb7 9. 0-0 a6 10. e4 c5 11. d5 Qc7 12. Qe2 Be7 13. Bg5 h6 14. Bh4 g5 15. Bg3 e5 16. b3 Bd6 17. Ne1 0-0 18. h4 Ne8 19. Qh5 f6 20. Qxh6 Rf7 21. hxg5 Rh7 22. Qg6+ Rg7 23. Qf5 Rxg5 24. Qe6+ Kf8 25. Nf3 Ng7 26. Nxg5 fxg5 27. Qg6 Be7 28. Be2 Kg8 29. Bg4 Nf8 30. Be6+ Nfxe6 31. dxe6 Rf8 32. Nd5 Bxd5 33. exd5 Qd6 34. Qe4 Rf5 35. Rfe1 Bd8 36. Bxe5 1-0

[Event "FIDE World Cup (Women)"]
[Site "Baku"]
[Date "2023.07.30"]
[Round "1.1"]
[White "Varela la Madrid, Tilsia Carolin"]
[Black "Badelka, Olga"]
[Result "0-1"]
[WhiteElo "2028"]
[BlackElo "2397"]
[PlyCount "66"]
[EventDate "2023.07.30"]
[EventType "k.o."]
[EventRounds "7"]
[EventCountry "AZE"]
[SourceTitle "EXT 2024"]
[Source "ChessBase"]
[SourceDate "2023.10.10"]
[SourceVersion "1"]
[SourceVersionDate "2023.10.10"]
[SourceQuality "1"]

1. e4 e5 2. Nf3 Nc6 3. Bc4 Bc5 4. c3 Nf6 5. d4 exd4 6. e5 d5 7. Be2 Ne4 8. cxd4 Bb4+ 9. Bd2 Nxd2 10. Nbxd2 0-0 11. 0-0 f6 12. Nb3 Re8 13. a3 Bf8 14. exf6 Qxf6 15. Rc1 Bg4 16. Re1 Bd6 17. Nbd2 Nxd4 18. Nxd4 Qxd4 19. Bxg4 Rxe1+ 20. Qxe1 Qxg4 21. h3 Qd4 22. Rc3 Qe5 23. Qxe5 Bxe5 24. Rc2 c6 25. Kf1 a5 26. Nb3 Bd6 27. Ke2 a4 28. Nc5 Ra7 29. Nd3 Ra5 30. f4 Rb5 31. g4 Kf7 32. Rc1 c5 33. Rc2 c4 0-1

[Event "Sunway Formentera op 2nd"]
[Site "Sant Ferran de ses Roques"]
[Date "2023.04.18"]
[Round "1"]
[White "Varela la Madrid, Tilsia Carolin"]
[Black "Panda, Sambit"]
[Result "0-1"]
[WhiteElo "2078"]
[BlackElo "2452"]
[PlyCount "72"]
[EventDate "2023.04.18"]
[EventType "swiss"]
[EventRounds "10"]
[EventCountry "ESP"]
[SourceTitle "CBM 213 Extra"]
[Source "ChessBase"]
[SourceDate "2023.05.31"]
[SourceVersion "1"]
[SourceVersionDate "2023.05.31"]
[SourceQuality "1"]

1. e4 c6 2. d4 d5 3. Nc3 dxe4 4. Nxe4 Nf6 5. Nxf6+ exf6 6. c3 Bd6 7. Bd3 0-0 8. Qc2 Re8+ 9. Ne2 h5 10. 0-0 h4 11. h3 Nd7 12. Bd2 Nf8 13. Rae1 Bc7 14. c4 g6 15. Bc3 f5 16. f4 Ne6 17. Kh1 Bb6 18. c5 Bc7 19. Bc4 b5 20. Bb3 a5 21. a3 Ba6 22. Qd1 Rb8 23. d5 cxd5 24. c6 b4 25. Be5 Bxe5 26. fxe5 Bc4 27. axb4 Bxb3 28. Qxb3 Rxb4 29. Qa2 d4 30. Ra1 a4 31. Rfd1 Qb6 32. Rac1 Rxb2 33. Qc4 Rb4 34. Qd5 Rb8 35. Qf3 Rc8 36. Qd5 a3 0-1

[Event "Olympiad Women-44"]
[Site "Chennai"]
[Date "2022.08.03"]
[Round "6.1"]
[White "Tokhirjonova, Gulruhbegim"]
[Black "Varela la Madrid, Tilsia Carolin"]
[Result "1-0"]
[WhiteElo "2329"]
[BlackElo "2079"]
[PlyCount "99"]
[EventDate "2022.07.29"]
[EventType "team-swiss"]
[EventRounds "11"]
[EventCountry "IND"]
[SourceTitle "CBM 210"]
[Source "ChessBase"]
[SourceDate "2022.10.31"]
[SourceVersion "1"]
[SourceVersionDate "2022.10.31"]
[SourceQuality "1"]
[WhiteTeam "United States (W)"]
[BlackTeam "Venezuela (W)"]
[WhiteTeamCountry "USA"]
[BlackTeamCountry "VEN"]

1. e4 e5 2. d4 exd4 3. Qxd4 Nc6 4. Qc4 Nf6 5. Nc3 Bb4 6. Bd2 d6 7. 0-0-0 Be6 8. Qe2 Qe7 9. a3 Ba5 10. f3 0-0-0 11. g4 Kb8 12. Nh3 h5 13. g5 Nd7 14. b4 Nd4 15. Qf2 Bb6 16. Be3 c5 17. Nf4 Nc6 18. b5 Na5 19. Ncd5 Qe8 20. Bd2 Ne5 21. Bc3 Nac4 22. a4 Ba5 23. Bxa5 Nxa5 24. Qe1 Nac4 25. Qc3 Nb6 26. Nxb6 axb6 27. Nd5 Bxd5 28. Rxd5 Qe7 29. Rg1 f6 30. h4 Rhf8 31. Be2 Ng6 32. gxf6 Rxf6 33. Bd1 Nf4 34. Rf5 Rdf8 35. Rxf6 Rxf6 36. a5 Kc7 37. Rg5 g6 38. e5 Rf5 39. Rxf5 gxf5 40. exd6+ Qxd6 41. Qg7+ Kb8 42. axb6 Qxb6 43. Qf8+ Ka7 44. Qxf5 Qd6 45. c3 Kb6 46. Bc2 Kxb5 47. Be4 b6 48. Kc2 Qc7 49. Qf8 c4 50. Qb4+ 1-0

[Event "Olympiad Women-44"]
[Site "Chennai"]
[Date "2022.07.30"]
[Round "2.1"]
[White "Efroimski, Marsel"]
[Black "Varela la Madrid, Tilsia Carolin"]
[Result "1-0"]
[WhiteElo "2456"]
[BlackElo "2079"]
[PlyCount "69"]
[EventDate "2022.07.29"]
[EventType "team-swiss"]
[EventRounds "11"]
[EventCountry "IND"]
[SourceTitle "CBM 210"]
[Source "ChessBase"]
[SourceDate "2022.10.31"]
[SourceVersion "1"]
[SourceVersionDate "2022.10.31"]
[SourceQuality "1"]
[WhiteTeam "Israel (W)"]
[BlackTeam "Venezuela (W)"]
[WhiteTeamCountry "ISR"]
[BlackTeamCountry "VEN"]

1. e4 e5 2. Nf3 Nc6 3. Nc3 Nf6 4. Bb5 Bb4 5. 0-0 0-0 6. d3 d6 7. Bg5 Bxc3 8. bxc3 h6 9. Bh4 a6 10. Ba4 Qe7 11. Re1 Nd8 12. d4 Ne6 13. Bg3 Ng5 14. Nd2 c5 15. Bb3 b5 16. Bd5 Nxd5 17. exd5 f6 18. f4 Nf7 19. dxc5 dxc5 20. Ne4 Bf5 21. d6 Qa7 22. fxe5 fxe5 23. Qd5 Bxe4 24. Rxe4 c4+ 25. Kh1 Kh8 26. Bxe5 Nxe5 27. Qxe5 Qf2 28. Ree1 Rf5 29. Qe4 Raf8 30. h3 Qa7 31. Rad1 Qd7 32. Qd4 Rf3 33. Re7 Rxh3+ 34. Kg1 Qg4 35. Qxg4 1-0

[Event "Mindelo op"]
[Site "Mindelo"]
[Date "2022.04.28"]
[Round "7"]
[White "Varela la Madrid, Tilsia Carolin"]
[Black "Santiago, Yago de Moura"]
[Result "0-1"]
[WhiteElo "2097"]
[BlackElo "2490"]
[PlyCount "82"]
[EventDate "2022.04.22"]
[EventType "swiss"]
[EventRounds "9"]
[EventCountry "KAP"]
[SourceTitle "CBM 208 Extra"]
[Source "ChessBase"]
[SourceDate "2022.07.31"]
[SourceVersion "1"]
[SourceVersionDate "2022.07.31"]
[SourceQuality "1"]

1. e4 d6 2. d4 Nf6 3. Nc3 c6 4. f4 Qa5 5. Bd2 Qb6 6. Nf3 Bg4 7. Be2 Bxf3 8. Bxf3 Qxd4 9. Qe2 e5 10. 0-0-0 Qb6 11. fxe5 dxe5 12. g4 Be7 13. g5 Nfd7 14. Bg4 Qc7 15. Qf3 Nb6 16. Rhf1 0-0 17. Qe2 Na6 18. Rf3 Rad8 19. h4 Rd4 20. Rdf1 Nc4 21. Be3 Nxe3 22. Qxe3 Nc5 23. Kb1 b5 24. Qf2 Bd6 25. g6 hxg6 26. h5 g5 27. Bf5 b4 28. h6 f6 29. hxg7 Qxg7 30. Ne2 Nxe4 31. Be6+ Rf7 32. Nxd4 Nxf2 33. Nf5 Ne4 34. Nxg7 Kxg7 35. Kc1 Bc5 36. Bxf7 Kxf7 37. Re1 g4 38. Rd3 Ng5 39. Rd7+ Ke6 40. Rg7 g3 41. Re2 Bf2 0-1

[Event "Motiva Online Blitz (Women)"]
[Site "Chess.com INT"]
[Date "2021.12.18"]
[Round "8"]
[White "Kalyaeva, Eleonora"]
[Black "Varela la Madrid, Tilsia Carolin"]
[Result "0-1"]
[WhiteElo "1795"]
[BlackElo "2104"]
[PlyCount "80"]
[EventDate "2021.12.18"]
[EventType "swiss (blitz)"]
[EventRounds "13"]
[EventCountry "USA"]
[SourceTitle "CBM 205 Extra"]
[Source "ChessBase"]
[SourceDate "2022.01.31"]
[SourceVersion "1"]
[SourceVersionDate "2022.01.31"]
[SourceQuality "1"]

1. e4 e5 2. Nf3 Nc6 3. Bc4 Nf6 4. d3 Bc5 5. c3 d6 6. h3 Be6 7. Bb5 a6 8. Ba4 b5 9. Bc2 d5 10. 0-0 dxe4 11. dxe4 Qxd1 12. Rxd1 0-0 13. Nbd2 Rad8 14. Nf1 Bb6 15. Be3 Nd7 16. Bxb6 Nxb6 17. b3 f6 18. Ne3 Kf7 19. g4 h5 20. g5 Bxh3 21. Nd5 Bg4 22. Kg2 Nxd5 23. exd5 Ne7 24. gxf6 gxf6 25. b4 Rg8 26. Re1 Bf5+ 27. Kh2 Bxc2 28. Rac1 Bf5 29. Nh4 Rxd5 30. f4 Rd2+ 31. Kh1 Rg4 32. Nxf5 Nxf5 33. fxe5 Ng3+ 34. Kg1 Ne4+ 35. Kh1 fxe5 36. Rf1+ Ke6 37. c4 Nf2+ 38. Kh2 Nd3+ 39. Kh3 Nf4+ 40. Rxf4 exf4 0-1

[Event "Motiva Online Blitz (Women)"]
[Site "Chess.com INT"]
[Date "2021.12.18"]
[Round "12"]
[White "Luong, Nhat Linh"]
[Black "Varela la Madrid, Tilsia Carolin"]
[Result "1-0"]
[WhiteElo "2043"]
[BlackElo "2104"]
[PlyCount "65"]
[EventDate "2021.12.18"]
[EventType "swiss (blitz)"]
[EventRounds "13"]
[EventCountry "USA"]
[SourceTitle "CBM 205 Extra"]
[Source "ChessBase"]
[SourceDate "2022.01.31"]
[SourceVersion "1"]
[SourceVersionDate "2022.01.31"]
[SourceQuality "1"]

1. c4 c6 2. e4 d5 3. cxd5 cxd5 4. exd5 Nf6 5. Nc3 Nxd5 6. Nf3 Nc6 7. d4 Bg4 8. Be2 e6 9. 0-0 Be7 10. h3 Bh5 11. Re1 0-0 12. a3 Nf6 13. Be3 Rc8 14. Qa4 Bg6 15. Ne5 a6 16. Bf3 Nd5 17. Nxd5 exd5 18. Nxg6 hxg6 19. Rac1 Bf6 20. Bg4 Ra8 21. Rc5 b5 22. Qd1 Qb6 23. Rxd5 Na5 24. b3 Rad8 25. Rxd8 Qxd8 26. d5 Qd6 27. b4 Nc4 28. Bc5 Qf4 29. Bxf8 Kxf8 30. Qf3 Qd6 31. g3 Bc3 32. Qxc3 Qe5 33. Rxe5 1-0

[Event "Motiva Online Blitz (Women)"]
[Site "Chess.com INT"]
[Date "2021.12.18"]
[Round "1"]
[White "Sargsyan, Anna M"]
[Black "Varela la Madrid, Tilsia Carolin"]
[Result "1-0"]
[WhiteElo "2368"]
[BlackElo "2104"]
[PlyCount "47"]
[EventDate "2021.12.18"]
[EventType "swiss (blitz)"]
[EventRounds "13"]
[EventCountry "USA"]
[SourceTitle "CBM 205 Extra"]
[Source "ChessBase"]
[SourceDate "2022.01.31"]
[SourceVersion "1"]
[SourceVersionDate "2022.01.31"]
[SourceQuality "1"]

1. d4 d5 2. c4 Nf6 3. cxd5 Nxd5 4. e4 Nf6 5. Nc3 e5 6. d5 c6 7. Bg5 cxd5 8. Bxf6 Qxf6 9. Nxd5 Qd6 10. Rc1 Nc6 11. Bb5 Bd7 12. Nf3 f6 13. 0-0 a6 14. Ba4 b5 15. Bb3 Rd8 16. Qe2 Nd4 17. Nxd4 exd4 18. Rfd1 Qe5 19. Nc7+ Ke7 20. f4 Qd6 21. e5 fxe5 22. fxe5 Qb6 23. Nd5+ Ke6 24. Nxb6+ 1-0

[Event "Online Olym Div2 D"]
[Site "Chess.com INT"]
[Date "2021.09.04"]
[Round "9.2"]
[White "Fernandez, Maria Florencia"]
[Black "Varela la Madrid, Tilsia Carolin"]
[Result "1-0"]
[WhiteElo "2229"]
[BlackElo "2087"]
[PlyCount "121"]
[EventDate "2021.09.02"]
[EventType "team (rapid)"]
[EventRounds "9"]
[EventCountry "USA"]
[SourceTitle "CBM 204 Extra"]
[Source "ChessBase"]
[SourceDate "2021.11.30"]
[SourceVersion "1"]
[SourceVersionDate "2021.11.30"]
[SourceQuality "1"]
[WhiteTeam "Argentina"]
[BlackTeam "Venezuela"]
[WhiteTeamCountry "ARG"]
[BlackTeamCountry "VEN"]

1. d4 d5 2. c4 e6 3. Nc3 Nf6 4. cxd5 exd5 5. Bg5 Be7 6. e3 c6 7. Bd3 Qb6 8. Qc2 h6 9. Bh4 Nbd7 10. Nge2 Nf8 11. 0-0-0 Be6 12. f3 0-0-0 13. Kb1 Kb8 14. Rc1 Ka8 15. Na4 Qa5 16. Be1 Qc7 17. Qb3 N8d7 18. Bb4 Bxb4 19. Qxb4 Nb6 20. Nc5 Nfd7 21. Nxe6 fxe6 22. Nc3 Nc8 23. Na4 e5 24. Rc2 exd4 25. exd4 Ndb6 26. Nc5 Nd6 27. Ne6 Qe7 28. Nxd8 Rxd8 29. Re2 Qf6 30. b3 Nf5 31. Bxf5 Qxf5+ 32. Kb2 c5 33. dxc5 Qf6+ 34. Ka3 Nd7 35. Rhe1 Qa6+ 36. Qa4 Qxa4+ 37. bxa4 Nxc5 38. Re8 Rb8 39. R1e7 d4 40. Kb4 b6 41. Kc4 d3 42. Kc3 Rxe8 43. Rxe8+ Kb7 44. Re7+ Kc6 45. Rxa7 g5 46. Rh7 Nxa4+ 47. Kxd3 Nc5+ 48. Kc2 Kd5 49. Rxh6 b5 50. Rh5 Ne6 51. h4 Kc4 52. hxg5 Nd4+ 53. Kb2 Nf5 54. g6 Ne3 55. g7 b4 56. g8Q+ Kd3 57. Qb3+ Ke2 58. Re5 Kf2 59. Qxe3+ Kf1 60. Qd2 b3 61. Re1# 1-0

[Event "Online Olym Div2 D"]
[Site "Chess.com INT"]
[Date "2021.09.04"]
[Round "8.5"]
[White "Varela la Madrid, Tilsia Carolin"]
[Black "Corrales Jimenez, Zenia"]
[Result "1/2-1/2"]
[WhiteElo "2087"]
[BlackElo "2198"]
[PlyCount "107"]
[EventDate "2021.09.02"]
[EventType "team (rapid)"]
[EventRounds "9"]
[EventCountry "USA"]
[SourceTitle "CBM 204 Extra"]
[Source "ChessBase"]
[SourceDate "2021.11.30"]
[SourceVersion "1"]
[SourceVersionDate "2021.11.30"]
[SourceQuality "1"]
[WhiteTeam "Venezuela"]
[BlackTeam "Mexico"]
[WhiteTeamCountry "VEN"]
[BlackTeamCountry "MEX"]

1. e4 c5 2. c3 d6 3. d4 Nf6 4. Bd3 g6 5. Nf3 Bg7 6. 0-0 0-0 7. h3 Qc7 8. Be3 b6 9. a4 Bb7 10. Nbd2 a6 11. Qb3 Nbd7 12. Nh2 d5 13. dxc5 Nxc5 14. Bxc5 bxc5 15. exd5 Bxd5 16. Bc4 e6 17. Nhf3 Rab8 18. Qc2 Bxc4 19. Nxc4 Nd5 20. Qe4 Qf4 21. Qxf4 Nxf4 22. Rfd1 Rfd8 23. Ne1 Rd5 24. Rdb1 h5 25. h4 Bf6 26. g3 Nd3 27. Nxd3 Rxd3 28. Rd1 Rbd8 29. Rxd3 Rxd3 30. Kf1 g5 31. hxg5 Bxg5 32. Ke2 Rd5 33. Rd1 Rxd1 34. Kxd1 h4 35. gxh4 Bxh4 36. f3 Kf8 37. b4 cxb4 38. cxb4 Ke7 39. Kc2 Bg3 40. Kd3 Kd7 41. Ne3 Kc6 42. Kc4 f5 43. b5+ axb5+ 44. axb5+ Kb6 45. Nc2 Bf2 46. Nb4 e5 47. Nd5+ Ka7 48. Ne7 e4 49. fxe4 fxe4 50. Nd5 Kb7 51. Nc3 e3 52. Kd3 Kb6 53. Nd1 Kxb5 54. Nxe3 1/2-1/2

[Event "Online Olym Div2 D"]
[Site "Chess.com INT"]
[Date "2021.09.03"]
[Round "5.2"]
[White "Varela la Madrid, Tilsia Carolin"]
[Black "Janzelj, Lara"]
[Result "0-1"]
[WhiteElo "2087"]
[BlackElo "2186"]
[PlyCount "130"]
[EventDate "2021.09.02"]
[EventType "team (rapid)"]
[EventRounds "9"]
[EventCountry "USA"]
[SourceTitle "CBM 204 Extra"]
[Source "ChessBase"]
[SourceDate "2021.11.30"]
[SourceVersion "1"]
[SourceVersionDate "2021.11.30"]
[SourceQuality "1"]
[WhiteTeam "Venezuela"]
[BlackTeam "Slovenia"]
[WhiteTeamCountry "VEN"]
[BlackTeamCountry "SLO"]

1. e4 e5 2. Nf3 Nc6 3. Bc4 Nf6 4. d3 h6 5. c3 d6 6. h3 g6 7. 0-0 Bg7 8. a4 0-0 9. Nbd2 Nh5 10. Re1 Nf4 11. Nf1 Ne6 12. d4 exd4 13. cxd4 Nexd4 14. Nxd4 Bxd4 15. Bxh6 Bxf2+ 16. Kh1 Bxe1 17. Qxe1 Re8 18. Bd5 Ne5 19. Ne3 Be6 20. Qg3 c6 21. Bxe6 Rxe6 22. Rf1 f6 23. Nf5 Kf7 24. Nd4 Qd7 25. Bg5 Rae8 26. Nxe6 Rxe6 27. Qh4 Qe7 28. Qh7+ Ke8 29. Qh8+ Qf8 30. Qxf8+ Kxf8 31. Bxf6 Ke8 32. Bxe5 Rxe5 33. Rf6 g5 34. Rxd6 Rxe4 35. Rg6 Re5 36. Kg1 Kf7 37. Rd6 Ke7 38. Rg6 Kd7 39. Kf2 a5 40. g3 b6 41. h4 gxh4 42. gxh4 Re4 43. h5 Rxa4 44. h6 Rh4 45. Kg3 Rh1 46. Kf4 b5 47. Ke5 Rh5+ 48. Kf6 a4 49. Kg7 b4 50. h7 a3 51. bxa3 bxa3 52. Rh6 a2 53. Rxh5 a1Q+ 54. Kg6 Qh8 55. Rf5 Ke6 56. Rf2 c5 57. Re2+ Kd5 58. Rf2 c4 59. Rf7 Ke6 60. Rg7 Qe8+ 61. Kh6 Kf6 62. Rg3 Qf8+ 63. Kh5 Qf7+ 64. Kg4 Qxh7 65. Rf3+ Ke5 0-1

[Event "Online Olym Div3 E"]
[Site "Chess.com INT"]
[Date "2021.08.28"]
[Round "6.3"]
[White "Miller, Rachel"]
[Black "Varela la Madrid, Tilsia Carolin"]
[Result "0-1"]
[WhiteElo "2004"]
[BlackElo "2072"]
[PlyCount "102"]
[EventDate "2021.08.27"]
[EventType "team-tourn (rapid)"]
[EventRounds "9"]
[EventCountry "USA"]
[SourceTitle "CBM 204 Extra"]
[Source "ChessBase"]
[SourceDate "2021.11.30"]
[SourceVersion "1"]
[SourceVersionDate "2021.11.30"]
[SourceQuality "1"]
[WhiteTeam "Jamaica"]
[BlackTeam "Venezuela"]
[WhiteTeamCountry "JAM"]
[BlackTeamCountry "VEN"]

1. e4 d5 2. exd5 Qxd5 3. Nc3 Qa5 4. Bc4 Nf6 5. d3 c6 6. Bd2 Bf5 7. Qe2 e6 8. f3 Qc7 9. g4 Bg6 10. h4 Qg3+ 11. Qf2 Qxf2+ 12. Kxf2 Bc5+ 13. Kg2 h5 14. g5 Nd5 15. Re1 0-0 16. Nh3 Bd6 17. Ne2 Bf5 18. Nhf4 Nxf4+ 19. Nxf4 Bxf4 20. Bxf4 Nd7 21. a4 Rfe8 22. Re2 Nb6 23. Bb3 Nd5 24. Bd2 a5 25. Rhe1 Red8 26. Kg3 b5 27. axb5 cxb5 28. Ra1 a4 29. Bxd5 Rxd5 30. Bc3 Rc8 31. Kf4 Kh7 32. Re5 Rxe5 33. Kxe5 Kg6 34. Kd6 Bh3 35. Ke5 f6+ 36. gxf6 gxf6+ 37. Ke4 Bf5+ 38. Ke3 Kf7 39. Kd2 Rg8 40. Rh1 Rg2+ 41. Kc1 Rf2 42. Bb4 Rxf3 43. d4 Rf2 44. Bd2 e5 45. dxe5 fxe5 46. c3 Bg4 47. Kc2 Ke6 48. Kd3 Kd5 49. Ke3 Rf3+ 50. Ke2 Rh3+ 51. Kf2 Rxh1 0-1

[Event "Online Olym Div3 E"]
[Site "Chess.com INT"]
[Date "2021.08.28"]
[Round "5.4"]
[White "Varela la Madrid, Tilsia Carolin"]
[Black "Torres Hernandez, Leslie Carolin"]
[Result "1-0"]
[WhiteElo "2072"]
[BlackElo "1884"]
[PlyCount "59"]
[EventDate "2021.08.27"]
[EventType "team-tourn (rapid)"]
[EventRounds "9"]
[EventCountry "USA"]
[SourceTitle "CBM 204 Extra"]
[Source "ChessBase"]
[SourceDate "2021.11.30"]
[SourceVersion "1"]
[SourceVersionDate "2021.11.30"]
[SourceQuality "1"]
[WhiteTeam "Venezuela"]
[BlackTeam "Honduras"]
[WhiteTeamCountry "VEN"]
[BlackTeamCountry "HON"]

1. e4 e5 2. Nf3 d6 3. Bc4 Be7 4. Nc3 Nf6 5. d4 exd4 6. Nxd4 0-0 7. 0-0 c6 8. Bb3 Nbd7 9. Nf5 Nc5 10. Nxe7+ Qxe7 11. f3 Nxb3 12. axb3 Be6 13. Bg5 h6 14. Bh4 Rfd8 15. Qe2 g5 16. Bg3 Nh5 17. Qf2 b6 18. Rfd1 Nf6 19. Ne2 d5 20. e5 Nd7 21. Nd4 Rdc8 22. f4 Bg4 23. Re1 c5 24. Nb5 Nf8 25. f5 Qd7 26. Nd6 Rc6 27. h3 Rxd6 28. exd6 Bxf5 29. Re7 Qc8 30. Rf1 1-0

[Event "FIDE World Cup (Women)"]
[Site "Krasnaya Polyana"]
[Date "2021.07.14"]
[Round "1.4"]
[White "Varela la Madrid, Tilsia Carolin"]
[Black "Guichard, Pauline"]
[Result "1/2-1/2"]
[WhiteElo "2072"]
[BlackElo "2413"]
[PlyCount "80"]
[EventDate "2021.07.12"]
[EventType "k.o."]
[EventRounds "7"]
[EventCountry "RUS"]
[SourceTitle "CBM 203"]
[Source "ChessBase"]
[SourceDate "2021.08.31"]
[SourceVersion "1"]
[SourceVersionDate "2021.08.31"]
[SourceQuality "1"]

1. e4 e5 2. Nf3 Nc6 3. Nc3 Nf6 4. Bb5 Nd4 5. 0-0 c6 6. Bc4 d6 7. Nxd4 exd4 8. Ne2 Nxe4 9. d3 Nf6 10. Nxd4 d5 11. Bb3 Be7 12. Qf3 0-0 13. Nf5 Bxf5 14. Qxf5 Qd7 15. Qf3 Bd6 16. h3 Rfe8 17. Bg5 Re6 18. c4 Rae8 19. Be3 d4 20. Bxd4 Bh2+ 21. Kxh2 Qxd4 22. Qg3 Re2 23. Rac1 h5 24. c5 h4 25. Qg6 R8e7 26. Qf5 Qxb2 27. Rc4 Qe5+ 28. Qxe5 R7xe5 29. Rxh4 Rxc5 30. Rd4 Rce5 31. f4 Re8 32. Ra4 a6 33. Rb4 b5 34. Rc1 Rd2 35. Rxc6 Ree2 36. Rc8+ Kh7 37. Bxf7 Rxg2+ 38. Kh1 Rh2+ 39. Kg1 Rhg2+ 40. Kh1 Rh2+ 1/2-1/2